000 00232 a2200073 4500
245 0 _aOpracowanie teorii uniwersalnej anteny średniofalowej /
_c.
710 2 _aInstytut Łączności.
_eWydawca
_4pbl
260 _aWarszawa :
_bIŁ,
_c2018.
300 _a52 s.;
_c30 cm.
999 _c16321
_d16321